Revolt in East Bengal (Record no. 343568)

000 -LEADER
fixed length control field 00375cam a22001457a 4500
008 - FIXED-LENGTH DATA ELEMENTS--GENERAL INFORMATION
fixed length control field 180718b1971 xxu||||| |||| 00| 0 eng d
082 ## - DEWEY DECIMAL CLASSIFICATION NUMBER
Classification number A6x5471 D26
100 ## - MAIN ENTRY--PERSONAL NAME
Personal name Dasgupta, R.K.
245 ## - TITLE STATEMENT
Title Revolt in East Bengal
Statement of responsibility, etc. by R.K. Dasgupta
260 ## - PUBLICATION, DISTRIBUTION, ETC.
Place of publication, distribution, etc. Delhi
Name of publisher, distributor, etc. The Auth
Date of publication, distribution, etc. 1971
300 ## - PHYSICAL DESCRIPTION
Extent 175p.
500 ## - GENERAL NOTE
General note Rs.20.00
650 ## - SUBJECT ADDED ENTRY--TOPICAL TERM
Topical term or geographic name entry element Revolution - Pakistan
650 ## - SUBJECT ADDED ENTRY--TOPICAL TERM
Topical term or geographic name entry element Bangla Desh
Holdings
Withdrawn status Lost status Damaged status Not for loan Permanent Location Current Location Date acquired Full call number Barcode Date last seen Price effective from Koha item type
        Indian Institute of Public Administration Indian Institute of Public Administration 1993-09-29 A6x5471 D26 46523 2018-07-21 2018-07-21 Book

Powered by Koha